<?xml version="1.0" encoding="UTF-8"?>
<record
    xmlns:xsi="http://www.w3.org/2001/XMLSchema-instance"
    xsi:schemaLocation="http://www.loc.gov/MARC21/slim http://www.loc.gov/standards/marcxml/schema/MARC21slim.xsd"
    xmlns="http://www.loc.gov/MARC21/slim">

  <leader>00904nam a2200229   4500</leader>
  <controlfield tag="001">82050</controlfield>
  <controlfield tag="003">BD-RjUL</controlfield>
  <controlfield tag="005">20231004154938.0</controlfield>
  <controlfield tag="008">231004s1952    ir ||||| |||| 00| 0 ira d</controlfield>
  <datafield tag="035" ind1=" " ind2=" ">
    <subfield code="a">(BD-RjUL)82050</subfield>
  </datafield>
  <datafield tag="040" ind1=" " ind2=" ">
    <subfield code="a">BD-RjUL</subfield>
    <subfield code="b">eng</subfield>
    <subfield code="c">BD-RjUL</subfield>
  </datafield>
  <datafield tag="041" ind1=" " ind2=" ">
    <subfield code="a">eng</subfield>
  </datafield>
  <datafield tag="082" ind1=" " ind2=" ">
    <subfield code="2">23</subfield>
    <subfield code="a">297.1225</subfield>
    <subfield code="b">MAK 1952</subfield>
  </datafield>
  <datafield tag="100" ind1="1" ind2="0">
    <subfield code="a"> &#x645;&#x64A;&#x628;&#x62F;&#x64A;&#x66B; &#x627;&#x628;&#x648;&#x627;&#x644;&#x641;&#x636;&#x644; &#x631;&#x634;&#x64A;&#x62F; &#x627;&#x644;&#x62F;&#x64A;&#x646; ;; Maybdi, Abu al-Fadl Rashid al-Din /</subfield>
    <subfield code="9">9372</subfield>
  </datafield>
  <datafield tag="245" ind1="1" ind2="0">
    <subfield code="a">&#x643;&#x634;&#x641; &#x627;&#x644;&#x623;&#x633;&#x631;&#x627;&#x631; &#x648;&#x639;&#x62F;&#x629; &#x627;&#x644;&#x623;&#x628;&#x631;&#x627;&#x631; ;; Kashf al-Asrar, Waadat al-Abrar /</subfield>
    <subfield code="b">&#x645;&#x639;&#x631;&#x648;&#x641; &#x628;&#x62A;&#x641;&#x633;&#x64A;&#x631; &#x62E;&#x648;&#x627;&#x62C;&#x647; &#x639;&#x628;&#x62F;&#x627;&#x644;&#x644;&#x647; &#x627;&#x646;&#x635;&#x627;&#x631;&#x64A;</subfield>
    <subfield code="c">Rashiduddin Maybadi  ;;  &#x631;&#x634;&#x64A;&#x62F; &#x627;&#x644;&#x62F;&#x64A;&#x646; &#x645;&#x64A;&#x628;&#x62F;&#x64A; </subfield>
  </datafield>
  <datafield tag="260" ind1=" " ind2=" ">
    <subfield code="a">&#x62A;&#x647;&#x631;&#x627;&#x646; :</subfield>
    <subfield code="b">&#x627;&#x646;&#x62A;&#x634;&#x627;&#x631;&#x627;&#x62A; &#x62F;&#x627;&#x646;&#x634;&#x6AF;&#x627;&#x647;&#x60C;, </subfield>
    <subfield code="c">1952</subfield>
  </datafield>
  <datafield tag="300" ind1=" " ind2=" ">
    <subfield code="a">v. ;</subfield>
  </datafield>
  <datafield tag="500" ind1=" " ind2=" ">
    <subfield code="a">&#x646;&#x647;&#x645;</subfield>
  </datafield>
  <datafield tag="505" ind1=" " ind2=" ">
    <subfield code="a">Vol.6&#x634;&#x634;&#x645; .--sura mariam _+    nur.--v.9&#x646;&#x647;&#x645;. shura ---Hadid.--</subfield>
  </datafield>
  <datafield tag="650" ind1=" " ind2=" ">
    <subfield code="a">quran</subfield>
    <subfield code="v">Interpretation</subfield>
    <subfield code="9">9373</subfield>
  </datafield>
  <datafield tag="942" ind1=" " ind2=" ">
    <subfield code="2">ddc</subfield>
    <subfield code="c">BK</subfield>
  </datafield>
  <datafield tag="999" ind1=" " ind2=" ">
    <subfield code="c">82050</subfield>
    <subfield code="d">82050</subfield>
  </datafield>
  <datafield tag="952" ind1=" " ind2=" ">
    <subfield code="0">0</subfield>
    <subfield code="1">0</subfield>
    <subfield code="2">ddc</subfield>
    <subfield code="4">0</subfield>
    <subfield code="7">1</subfield>
    <subfield code="8">NFIC</subfield>
    <subfield code="a">RUCL</subfield>
    <subfield code="b">RUCL</subfield>
    <subfield code="c">Reading</subfield>
    <subfield code="d">1976-02-27</subfield>
    <subfield code="e">Islamia library, Chittagong</subfield>
    <subfield code="g">1500.00</subfield>
    <subfield code="l">0</subfield>
    <subfield code="o">F 297.1225 MAK V 6 1952</subfield>
    <subfield code="r">2023-10-04 00:00:00</subfield>
    <subfield code="t">C-1</subfield>
    <subfield code="w">2023-10-04</subfield>
    <subfield code="y">BK</subfield>
  </datafield>
  <datafield tag="952" ind1=" " ind2=" ">
    <subfield code="0">0</subfield>
    <subfield code="1">0</subfield>
    <subfield code="2">ddc</subfield>
    <subfield code="4">0</subfield>
    <subfield code="7">1</subfield>
    <subfield code="8">NFIC</subfield>
    <subfield code="a">RUCL</subfield>
    <subfield code="b">RUCL</subfield>
    <subfield code="c">Reading</subfield>
    <subfield code="d">1976-02-27</subfield>
    <subfield code="e">Islamia library, Chittagong</subfield>
    <subfield code="g">1500.00</subfield>
    <subfield code="o">F 297.1225 MAK V- 9 1952</subfield>
    <subfield code="r">2023-10-04 00:00:00</subfield>
    <subfield code="t">C-1</subfield>
    <subfield code="y">BK</subfield>
  </datafield>
</record>
